Normal view
MARC view
- Avions
Entry Topical Term
001 - CONTROL NUMBER
- control field: 110578
003 - CONTROL NUMBER IDENTIFIER
- control field: NUST
005 - DATE AND TIME OF LATEST TRANSACTION
- control field: 20230320104236.0
008 - FIXED-LENGTH DATA ELEMENTS
- fixed length control field: 230320|| aca||aabn | a|a d
040 ## - CATALOGING SOURCE
- Original cataloging agency: NUST
- Transcribing agency: NUST
150 ## - HEADING--TOPICAL TERM
- Topical term or geographic name entry element: Avions
- General subdivision: Vibrations
670 ## - SOURCE DATA FOUND
- Source citation: Work cat.: (NUST)0: Megson, T. H. G. (Thomas Henry Gordon), author. 110574, Aircraft structures for engineering students /
